000 01273cam a2200325 a 4500
999 _c126691
_d126691
001 3367436
003 ARRUPE
005 20170818110336.0
008 870512s1987 nyu b 001 0 eng
010 _a 87014186
020 _a0883445697 (pbk.)
040 _aDLC
_cDLC
_dDLC
041 1 _aengspa
050 0 0 _aBT198
_b.S39213 1987
082 0 0 _a232/.092/4
_219
100 1 _aSegundo, Juan Luis.
_911553
240 1 0 _aCristo de los ejercicios espirituales.
_lEnglish
245 1 4 _aThe Christ of the Ignatian exercises /
_cJuan Luis Segundo ; edited and translated from the Spanish by John Drury.
260 _aMaryknoll, N.Y. :
_bOrbis Books,
_cc1987.
300 _avii, 147 p. ;
_c24 cm.
490 1 _aJesus of Nazareth yesterday and today ;
_vv. 4
500 _aTranslation of: El Cristo de los ejercicios espirituales.
500 _aIncludes index.
504 _aBibliography: p. 143-144.
600 0 0 _aJesus Christ
_xHistory of doctrines
_y16th century.
_934880
600 0 0 _aIgnatius,
_cof Loyola, Saint,
_d1491-1556.
_tExercitia spiritualia.
_934881
650 0 _aSpiritual exercises.
_934882
800 1 _aSegundo, Juan Luis.
_tHombre de hoy ante Jesus de Nazaret.
_lEnglish ;
_vv. 4.
_934883
906 _a7
_bcbc
_corignew
_d1
_eocip
_f19
_gy-gencatlg
942 _2lcc
_cMONOGRAPH